00636nam a2200205 a 450000100060000000300080000600500170001400800410003102000150007203500190008704000290010604100080013508200230014310000190016624500790018526000490026430000330031350400510034665000330039727111BD-RjUL20211209051120.0140324r19701969enkb b 001 0 eng d a0582780004 a(BD-RjUL)27182 aLCbengcLCdWUdBD-RjUL aeng04a956.9405bCAP 19701 aCattan, Henry.10aPalestine, the Arabs and Israel :bthe search for justice /cHenry Cattan. aLondon :bLongmans,c1969 [impression 1970]. axiv, 281 p. :bmaps.c23 cm. aIncludes bibliographical references and index. 0aJewish-Arab relationsy1917-